=LDR 00000nam 2200000 4500 =001 INLIS000000000015021 =005 20130612110312 =008 ***********************************Ind** =035 ##$$0010-061300000015021 =041 ##$$a Ind =082 ##$$a 653.42 =090 ##$$a 653.42, Mar m =100 ##$$a Martono, E =245 ##$$a Mahir Steno Bahasa Inggris Sistem Karandang Melalui Modul, E. Mrtono =260 ##$$a 1986 $b Jakarta =300 ##$$a ix,188 hlm, ilus, 21 cm =650 ##$$a Steno Grafi kerundeng =850 ##$$a NBPNMAT